1127 1848 1758 1676 1112 1701 1515 1684 1361 1222 1397 1145 1169 1556 1950 1325 1474 1392 1759 1576 1150 1271 1942 1184 1552 1735 1514 1200 1272 1526 1827 1298 1023 1533 1759 1653 1384 1573 1879 1629 1164 1379 1242 1363 1336 1736 1740 1462 1726 1546 1103 1393 1122 1814 1724 1431 1806 1568 1390 1562 1819 1888 1332 1322 1345 1542 1066 1937 1901 1189 1192 1513 1431 1045 1011 1547 1906 1389 1785 1295 1580 1579 1772 1836 1265 1296 1646 1456 1891 1898 1108 1733 1880 1252 1834 1794 1385 1059 1888 BCNSPRNW ULIB Ver.6.0+V

เปลี่ยนเป็นภาษาไทย

Change to English
 แสดงรายละเอียดบรรณานุกรม
  กลับหน้าหลัก

Brief Record : Get Marc (ISO 2709) : E-mail record : QR code < ปิดหน้าต่าง
LEADER : 00000nam 2200000uu 4500
001    13399125262
003     ULIB
008    161207s2559||||th 000 0 tha d
060  0 ^aWA546 ส873ก
100 0  ^aรองศาสตราจารย์ ดร.สุวรรณา จันทร์ประเสริฐ ,ผู้ช่วยศาสตราจารย์ ดร.สมสมัย รัตนกรีฑากุลและ,ผู้ช่วยศาสตราจารย์ ดร.นิสากร กรุงไกรเพชร
110 1  ^aสำนักงานสนับสนุนการพัฒนาระบบสุขภาพ^bสำนักงานกองทุนสนับสนุนการสร้างเสริมสุขภาพ
245 00 ^aชุดการเรียนรู้ที่ 7 การสร้างเสริมความเข้มแข็งของชุมชน =^bStrengthening Community /^cรองศาสตราจารย์ ดร.สุวรรณา จันทร์ประเสริฐ ,ผู้ช่วยศาสตราจารย์ ดร.สมสมัย รัตนกรีฑากุลและ,ผู้ช่วยศาสตราจารย์ ดร.นิสากร กรุงไกรเพชร
250    ^aพิมพ์ครั้งที่ 1
260    ^aนนทบุรี:^bบริษัท มาตา การพิมพ์ จำกัด,^c2559
300    ^a54หน้า:^bตาราง;^c29ซม.
650  0 ^aการสร้างเสริม^bความเข้มแข็ง
700 0  ^aการเรียนรู้^bชุมชน
710 1  ^aสำนักสนับสนุนการพัฒนาระบบสุขภาพ^bสำนักงานกองทุนสนับสนุนการสร้างเสริมสุขภาพ
945    ^p0^l0^i001572
999    ^aวรรณษา ชูชัยมงคล
รายการนี้ยังไม่มีแท็ก
คุณยังไม่ได้ล็อกอิน คุณสามารถมีกิจกรรมร่วมกับเว็บไซต์ได้ แต่ต้องล็อกอินก่อน ::
  ล็อกอิน

รายการสื่อสารสนเทศ

ลำดับที่ ประเภท เลขเรียก/บาร์โค้ด สถานที่ สถานะ
1. การศึกษาทั่วไป
การศึกษาทั่วไป
สถานะ=หนังสือเก่า
WA546 ส873ก ฉ.1 
  Barcode: 001572
ห้องสมุดวิทยาเขตสวรรค์ประชารักษ์
►ส่วนจัดเก็บหนังสือเก่า สปร
บนชั้น
  ขอยืม

BibComment


ยังไม่เคยถูกคอมเมนท์

คอมเมนท์ทรัพยากรรายการนี้
  คอมเมนท์: ชุดการเรียนรู้ที..


 Copyright 2026. Bcnsprnw @Library